[Event "Wch U18"]
[Site "Montesilvano"]
[Date "2023.11.23"]
[Round "10"]
[White "Olsson, William"]
[Black "Arfan, Aditya Bagus"]
[Result "1-0"]
[WhiteElo "2372"]
[BlackElo "2415"]
[PlyCount "119"]
[EventDate "2023.11.13"]
[EventType "swiss"]
[EventRounds "11"]
[EventCountry "ITA"]
[SourceTitle "EXT 2025"]
[Source "ChessBase"]
[SourceDate "2024.10.14"]
[SourceVersion "1"]
[SourceVersionDate "2024.10.14"]
[SourceQuality "1"]

1. d4 Nf6 2. c4 c6 3. Nc3 d5 4. e3 a6 5. Qb3 e6 6. a4 c5 7. Nf3 Nc6 8. cxd5 exd5 9. Be2 Bf5 10. 0-0 c4 11. Qd1 Na5 12. Ne5 Nb3 13. Ra2 Bb4 14. g4 Bxc3 15. bxc3 Nxc1 16. Qxc1 Nxg4 17. Bxg4 Bxg4 18. Nxg4 Qg5 19. f3 h5 20. Rg2 hxg4 21. Rxg4 Qh6 22. Rg2 Qc6 23. e4 0-0-0 24. Qf4 Rde8 25. e5 f6 26. Re1 fxe5 27. dxe5 Qc5+ 28. Kh1 Rhf8 29. Qg4+ Kb8 30. e6 Qd6 31. Qxg7 Rxf3 32. e7 Qf6 33. Qxf6 Rxf6 34. Rg5 Rd6 35. Rf5 Kc7 36. Kg2 Kd7 37. Rfe5 b5 38. axb5 axb5 39. Kf3 Rf6+ 40. Kg4 Kd6 41. h4 b4 42. cxb4 c3 43. R5e3 d4 44. Rd1 Kc7 45. Rxd4 Rc6 46. Rd1 c2 47. Rc1 Kd7 48. Re2 Rxe7 49. Rcxc2 Rxc2 50. Rxc2 Re4+ 51. Kg5 Rxb4 52. Re2 Rb5+ 53. Kg6 Rb6+ 54. Kf7 Rh6 55. Rd2+ Kc6 56. Rh2 Kd6 57. h5 Ke5 58. Kg7 Ra6 59. h6 Ra7+ 60. Kg6 1-0